| 000 | 01332nac a22002891u 4500 | ||
|---|---|---|---|
| 090 | _c2474 | ||
| 008 | 090204t2007 xxu||||| |||| 00| 0 eng d | ||
| 020 | _a0071428674 | ||
| 020 | _a9780071428675 | ||
| 082 |
_a621 _bMAR |
||
| 245 |
_aMarks' Standard Handbook for Mechanical Engineers / _cEdited by Eugene A. Avallone, Theodore Baumeister III, Ali M. Sadegh |
||
| 246 | _aStandard handbook for mechanical engineers | ||
| 250 | _a11th ed. | ||
| 260 |
_aNew York : _bMcGraw-Hill , _cc2007. |
||
| 300 |
_a1 v. (various pagings) : _b ill. ; _c27 cm. |
||
| 500 | _aPrevious ed.: / Eugene A. Avallone, Theodore Baumeister III. 1996. | ||
| 500 | _a"90th anniversary edition."--Cover | ||
| 504 | _a Includes bibliographical references and index. | ||
| 650 |
_a Mechanical engineering _v Handbooks, manuals, etc. |
||
| 700 | _aAvallone, Eugene A. | ||
| 700 |
_aBaumeister, Theodore, _d 1926- |
||
| 700 | _aSadegh, Ali M. | ||
| 700 |
_aMarks, Lionel S. _d 1871- _q (Lionel Simeon), |
||
| 942 |
_cREFERENCE _k621 _2ddc |
||
| 999 |
_c2474 _d2474 |
||